<?xml version="1.0" encoding="UTF-8"?>
<collection xmlns="http://www.loc.gov/MARC21/slim">
 <record>
  <leader>02078nam a2200301 a 4500</leader>
  <controlfield tag="001">1/55388</controlfield>
  <controlfield tag="008">221018s2020    gr       b    000 | gre d</controlfield>
  <datafield tag="020" ind1=" " ind2=" ">
   <subfield code="a">9789605160722</subfield>
  </datafield>
  <datafield tag="040" ind1=" " ind2=" ">
   <subfield code="a">GR-PeUP</subfield>
  </datafield>
  <datafield tag="082" ind1="0" ind2="0">
   <subfield code="a">372.94 ΔΙΚ</subfield>
  </datafield>
  <datafield tag="245" ind1="0" ind2="0">
   <subfield code="a">Δικαίωμα στην εκπαίδευση και εκπαιδευτικές πολιτικές :</subfield>
   <subfield code="b">διεθνείς, ευρωπαϊκές και εθνικές διαστάσεις /</subfield>
   <subfield code="c">Δέσποινα Αναγνωστοπούλου...[κ.ά.] ; επιμέλεια Δέσποινα Αναγνωστοπούλου, Παρασκευή Νάσκου-Περράκη, Δημήτριος Σκιαδάς.</subfield>
  </datafield>
  <datafield tag="260" ind1=" " ind2=" ">
   <subfield code="a">Θεσσαλονίκη : </subfield>
   <subfield code="b">Ανικούλα, 2020.</subfield>
  </datafield>
  <datafield tag="300" ind1=" " ind2=" ">
   <subfield code="a">575 σ. ;</subfield>
   <subfield code="c">24 εκ.</subfield>
  </datafield>
  <datafield tag="500" ind1=" " ind2=" ">
   <subfield code="a">Δημοσιεύματα έδρας Unesco διαπολιτισμικής πολιτικής για μια δραστήρια και αλληλέγγυα ιθαγένεια του Πανεποστημίου Μακεδονιάς.</subfield>
  </datafield>
  <datafield tag="504" ind1=" " ind2=" ">
   <subfield code="a">Περιέχει βιβλιογραφικές παραπομπές.</subfield>
  </datafield>
  <datafield tag="650" ind1=" " ind2="0">
   <subfield code="a">Education and the state</subfield>
   <subfield code="z">European Union, Its countries.</subfield>
  </datafield>
  <datafield tag="650" ind1=" " ind2="4">
   <subfield code="a">Εκπαίδευση και κράτος.</subfield>
  </datafield>
  <datafield tag="650" ind1=" " ind2="4">
   <subfield code="a">Εκπαιδευτική πολιτική.</subfield>
  </datafield>
  <datafield tag="650" ind1=" " ind2="4">
   <subfield code="a">Εκπαίδευση και κράτος</subfield>
   <subfield code="z">Ευρωπαϊκή Ένωση, Χώρες της.</subfield>
  </datafield>
  <datafield tag="650" ind1=" " ind2="4">
   <subfield code="a">Εκπαιδευτικές μεταρρυθμίσεις</subfield>
   <subfield code="z">Ευρωπαϊκή Ένωση, Χώρες της.</subfield>
  </datafield>
  <datafield tag="650" ind1=" " ind2="4">
   <subfield code="a">Διαπολιτισμική εκπαίδευση</subfield>
   <subfield code="z">Ευρώπη.</subfield>
  </datafield>
  <datafield tag="700" ind1="1" ind2=" ">
   <subfield code="a">Αναγνωστοπούλου, Δέσποινα.</subfield>
  </datafield>
  <datafield tag="700" ind1="1" ind2=" ">
   <subfield code="a">Νάσκου-Περράκη, Παρασκευή.</subfield>
  </datafield>
  <datafield tag="700" ind1="1" ind2=" ">
   <subfield code="a">Σκιαδάς, Δημήτριος.</subfield>
  </datafield>
  <datafield tag="852" ind1=" " ind2=" ">
   <subfield code="a">INST</subfield>
   <subfield code="b">UNIPILB</subfield>
   <subfield code="c">MAIN</subfield>
   <subfield code="e">20221018</subfield>
   <subfield code="h">372.94 ΔΙΚ</subfield>
   <subfield code="p">00188050</subfield>
   <subfield code="q">00188050</subfield>
   <subfield code="t">LOAN</subfield>
   <subfield code="v">τομ.8:</subfield>
   <subfield code="y">0</subfield>
   <subfield code="4">2</subfield>
  </datafield>
  <datafield tag="852" ind1=" " ind2=" ">
   <subfield code="a">INST</subfield>
   <subfield code="b">UNIPILB</subfield>
   <subfield code="c">MAIN</subfield>
   <subfield code="e">20221018</subfield>
   <subfield code="h">372.94 ΔΙΚ</subfield>
   <subfield code="p">00188051</subfield>
   <subfield code="q">00188051</subfield>
   <subfield code="t">LOAN</subfield>
   <subfield code="v">τομ.8:</subfield>
   <subfield code="y">0</subfield>
   <subfield code="4">1</subfield>
  </datafield>
  <datafield tag="853" ind1=" " ind2=" ">
   <subfield code="a">INST</subfield>
   <subfield code="b">UNIPILB</subfield>
   <subfield code="c">MAIN</subfield>
   <subfield code="h">372.94 ΔΙΚ</subfield>
   <subfield code="l">τομ.8</subfield>
  </datafield>
  <datafield tag="960" ind1=" " ind2=" ">
   <subfield code="a">ΑΛΜΠΑΝΗ ΤΑΝΙΑ</subfield>
  </datafield>
 </record>
</collection>
